Guess the Movie - Minimalistic Pictures #15 - Statistics

General Stats
  • This quiz has been taken 68 times
  • The average score is 8 of 20
Answer Stats
Picture Hint Answer % Correct
1954 Godzilla
96%
2006 The Devil Wears Prada
75%
1987 RoboCop
70%
1937 Snow White and the Seven Dwarfs
68%
2015 Ant-Man
64%
1982 First Blood
64%
1960 Psycho
55%
2010 Black Swan
52%
2001 Zoolander
50%
1999 The Blair Witch Project
38%
1984 The Terminator
38%
2022 Doctor Strange in the Multiverse of Madness
29%
2002 Resident Evil
29%
1995 12 Monkeys
23%
2009 District 9
16%
2003 Seabiscuit
13%
2000 Snatch
13%
2006 High School Musical
7%
2009 The Ugly Truth
5%
2009 Public Enemies
4%
No matching quizzes found
Score Distribution
Percent of People with Each Score
Percentile by Number Answered
Your Score History
You have not taken this quiz